<?xml version="1.0" encoding="UTF-8"?>
<collection xmlns="http://www.loc.gov/MARC21/slim">
 <record>
  <leader>02901nam a22003497a 4500</leader>
  <controlfield tag="001">NCT_86110</controlfield>
  <controlfield tag="008">201006b        xxu||||| |||| 00| 0 vie d</controlfield>
  <datafield tag="999" ind1=" " ind2=" ">
   <subfield code="c">4249</subfield>
   <subfield code="d">4249</subfield>
  </datafield>
  <datafield tag="020" ind1=" " ind2=" ">
   <subfield code="a">9786046632214</subfield>
   <subfield code="c">68000</subfield>
  </datafield>
  <datafield tag="082" ind1="0" ind2="4">
   <subfield code="2">23rd ed.</subfield>
   <subfield code="a">547.0076</subfield>
   <subfield code="b">Đ110</subfield>
  </datafield>
  <datafield tag="100" ind1="1" ind2=" ">
   <subfield code="a">Nguyễn Quang Đạt</subfield>
   <subfield code="e">Chủ biên</subfield>
  </datafield>
  <datafield tag="245" ind1="1" ind2="0">
   <subfield code="a">Câu hỏi trắc nghiệm hoá hữu cơ :</subfield>
   <subfield code="b">Sách đào tạo dược sĩ đại học</subfield>
   <subfield code="c">Nguyễn Quang Đạt, Đinh Thị Thanh Hải (Chủ biên) ; Vũ Trần Anh,...[et.al] (Biên soạn)</subfield>
  </datafield>
  <datafield tag="250" ind1=" " ind2=" ">
   <subfield code="a">Tái bản lần thứ 1</subfield>
  </datafield>
  <datafield tag="260" ind1=" " ind2=" ">
   <subfield code="a">H.</subfield>
   <subfield code="b">Y học</subfield>
   <subfield code="c">2018</subfield>
  </datafield>
  <datafield tag="300" ind1=" " ind2=" ">
   <subfield code="a">217 tr.</subfield>
   <subfield code="b">Minh họa</subfield>
   <subfield code="c">27cm</subfield>
  </datafield>
  <datafield tag="500" ind1=" " ind2=" ">
   <subfield code="a">ĐTTS ghi: Bộ Y tế </subfield>
  </datafield>
  <datafield tag="520" ind1="3" ind2=" ">
   <subfield code="a">Bao gồm các câu hỏi trắc nghiệm về hầu hết những vấn đề của Hóa học hữu cơ như: cấu tạo của hợp chất hữu cơ, danh pháp, đồng phân, phương pháp xác định cấu trúc của hợp chất hữu cơ, hóa học lập thể, cơ chế phản ứng...</subfield>
  </datafield>
  <datafield tag="653" ind1=" " ind2=" ">
   <subfield code="a">Dược học</subfield>
  </datafield>
  <datafield tag="700" ind1="1" ind2=" ">
   <subfield code="a">Đinh Thị Thanh Hải </subfield>
   <subfield code="e">Chủ biên</subfield>
  </datafield>
  <datafield tag="700" ind1="1" ind2=" ">
   <subfield code="a">Vũ Trần Anh</subfield>
   <subfield code="e">Biên soạn</subfield>
  </datafield>
  <datafield tag="942" ind1=" " ind2=" ">
   <subfield code="2">ddc</subfield>
   <subfield code="c">BK</subfield>
  </datafield>
  <datafield tag="952" ind1=" " ind2=" ">
   <subfield code="0">0</subfield>
   <subfield code="1">0</subfield>
   <subfield code="2">ddc</subfield>
   <subfield code="4">0</subfield>
   <subfield code="6">547_007600000000000_Đ110</subfield>
   <subfield code="7">0</subfield>
   <subfield code="9">20494</subfield>
   <subfield code="a">000001</subfield>
   <subfield code="b">000001</subfield>
   <subfield code="d">2020-10-06</subfield>
   <subfield code="o">547.0076 Đ110</subfield>
   <subfield code="p">MD.17818</subfield>
   <subfield code="r">2020-10-06</subfield>
   <subfield code="v">68000.00</subfield>
   <subfield code="w">2020-10-06</subfield>
   <subfield code="y">BK</subfield>
  </datafield>
  <datafield tag="952" ind1=" " ind2=" ">
   <subfield code="0">0</subfield>
   <subfield code="1">0</subfield>
   <subfield code="2">ddc</subfield>
   <subfield code="4">0</subfield>
   <subfield code="6">547_007600000000000_Đ110</subfield>
   <subfield code="7">0</subfield>
   <subfield code="9">20495</subfield>
   <subfield code="a">000001</subfield>
   <subfield code="b">000001</subfield>
   <subfield code="d">2020-10-06</subfield>
   <subfield code="l">1</subfield>
   <subfield code="o">547.0076 Đ110</subfield>
   <subfield code="p">MD.17819</subfield>
   <subfield code="r">2020-12-17</subfield>
   <subfield code="s">2020-12-03</subfield>
   <subfield code="v">68000.00</subfield>
   <subfield code="w">2020-10-06</subfield>
   <subfield code="y">BK</subfield>
  </datafield>
  <datafield tag="952" ind1=" " ind2=" ">
   <subfield code="0">0</subfield>
   <subfield code="1">0</subfield>
   <subfield code="2">ddc</subfield>
   <subfield code="4">0</subfield>
   <subfield code="6">547_007600000000000_Đ110</subfield>
   <subfield code="7">0</subfield>
   <subfield code="9">20496</subfield>
   <subfield code="a">000001</subfield>
   <subfield code="b">000001</subfield>
   <subfield code="d">2020-10-06</subfield>
   <subfield code="l">2</subfield>
   <subfield code="m">1</subfield>
   <subfield code="o">547.0076 Đ110</subfield>
   <subfield code="p">MD.17820</subfield>
   <subfield code="r">2021-04-02</subfield>
   <subfield code="s">2021-03-19</subfield>
   <subfield code="v">68000.00</subfield>
   <subfield code="w">2020-10-06</subfield>
   <subfield code="y">BK</subfield>
  </datafield>
  <datafield tag="952" ind1=" " ind2=" ">
   <subfield code="0">0</subfield>
   <subfield code="1">0</subfield>
   <subfield code="2">ddc</subfield>
   <subfield code="4">0</subfield>
   <subfield code="6">547_007600000000000_Đ110</subfield>
   <subfield code="7">0</subfield>
   <subfield code="9">20497</subfield>
   <subfield code="a">000001</subfield>
   <subfield code="b">000001</subfield>
   <subfield code="d">2020-10-06</subfield>
   <subfield code="o">547.0076 Đ110</subfield>
   <subfield code="p">MD.17821</subfield>
   <subfield code="r">2020-10-06</subfield>
   <subfield code="v">68000.00</subfield>
   <subfield code="w">2020-10-06</subfield>
   <subfield code="y">BK</subfield>
  </datafield>
  <datafield tag="952" ind1=" " ind2=" ">
   <subfield code="0">0</subfield>
   <subfield code="1">0</subfield>
   <subfield code="2">ddc</subfield>
   <subfield code="4">0</subfield>
   <subfield code="6">547_007600000000000_Đ110</subfield>
   <subfield code="7">0</subfield>
   <subfield code="9">20498</subfield>
   <subfield code="a">000001</subfield>
   <subfield code="b">000001</subfield>
   <subfield code="d">2020-10-06</subfield>
   <subfield code="o">547.0076 Đ110</subfield>
   <subfield code="p">MD.17822</subfield>
   <subfield code="r">2020-10-06</subfield>
   <subfield code="v">68000.00</subfield>
   <subfield code="w">2020-10-06</subfield>
   <subfield code="y">BK</subfield>
  </datafield>
  <datafield tag="952" ind1=" " ind2=" ">
   <subfield code="0">0</subfield>
   <subfield code="1">0</subfield>
   <subfield code="2">ddc</subfield>
   <subfield code="4">0</subfield>
   <subfield code="6">547_007600000000000_Đ110</subfield>
   <subfield code="7">0</subfield>
   <subfield code="9">20499</subfield>
   <subfield code="a">000001</subfield>
   <subfield code="b">000001</subfield>
   <subfield code="d">2020-10-06</subfield>
   <subfield code="o">547.0076 Đ110</subfield>
   <subfield code="p">MD.17823</subfield>
   <subfield code="r">2020-10-06</subfield>
   <subfield code="v">68000.00</subfield>
   <subfield code="w">2020-10-06</subfield>
   <subfield code="y">BK</subfield>
  </datafield>
  <datafield tag="952" ind1=" " ind2=" ">
   <subfield code="0">0</subfield>
   <subfield code="1">0</subfield>
   <subfield code="2">ddc</subfield>
   <subfield code="4">0</subfield>
   <subfield code="6">547_007600000000000_Đ110</subfield>
   <subfield code="7">0</subfield>
   <subfield code="9">20500</subfield>
   <subfield code="a">000001</subfield>
   <subfield code="b">000001</subfield>
   <subfield code="d">2020-10-06</subfield>
   <subfield code="o">547.0076 Đ110</subfield>
   <subfield code="p">MD.17824</subfield>
   <subfield code="r">2020-10-06</subfield>
   <subfield code="v">68000.00</subfield>
   <subfield code="w">2020-10-06</subfield>
   <subfield code="y">BK</subfield>
  </datafield>
  <datafield tag="952" ind1=" " ind2=" ">
   <subfield code="0">0</subfield>
   <subfield code="1">0</subfield>
   <subfield code="2">ddc</subfield>
   <subfield code="4">0</subfield>
   <subfield code="6">547_007600000000000_Đ110</subfield>
   <subfield code="7">0</subfield>
   <subfield code="9">20501</subfield>
   <subfield code="a">000001</subfield>
   <subfield code="b">000001</subfield>
   <subfield code="d">2020-10-06</subfield>
   <subfield code="l">1</subfield>
   <subfield code="o">547.0076 Đ110</subfield>
   <subfield code="p">MD.17825</subfield>
   <subfield code="r">2020-12-03</subfield>
   <subfield code="s">2020-11-19</subfield>
   <subfield code="v">68000.00</subfield>
   <subfield code="w">2020-10-06</subfield>
   <subfield code="y">BK</subfield>
  </datafield>
  <datafield tag="952" ind1=" " ind2=" ">
   <subfield code="0">0</subfield>
   <subfield code="1">0</subfield>
   <subfield code="2">ddc</subfield>
   <subfield code="4">0</subfield>
   <subfield code="6">547_007600000000000_Đ110</subfield>
   <subfield code="7">0</subfield>
   <subfield code="9">20502</subfield>
   <subfield code="a">000001</subfield>
   <subfield code="b">000001</subfield>
   <subfield code="d">2020-10-06</subfield>
   <subfield code="o">547.0076 Đ110</subfield>
   <subfield code="p">MD.17826</subfield>
   <subfield code="r">2020-10-06</subfield>
   <subfield code="v">68000.00</subfield>
   <subfield code="w">2020-10-06</subfield>
   <subfield code="y">BK</subfield>
  </datafield>
  <datafield tag="952" ind1=" " ind2=" ">
   <subfield code="0">0</subfield>
   <subfield code="1">0</subfield>
   <subfield code="2">ddc</subfield>
   <subfield code="4">0</subfield>
   <subfield code="6">547_007600000000000_Đ110</subfield>
   <subfield code="7">0</subfield>
   <subfield code="9">20503</subfield>
   <subfield code="a">000001</subfield>
   <subfield code="b">000001</subfield>
   <subfield code="d">2020-10-06</subfield>
   <subfield code="o">547.0076 Đ110</subfield>
   <subfield code="p">MD.17827</subfield>
   <subfield code="r">2020-10-06</subfield>
   <subfield code="v">68000.00</subfield>
   <subfield code="w">2020-10-06</subfield>
   <subfield code="y">BK</subfield>
  </datafield>
  <datafield tag="980" ind1=" " ind2=" ">
   <subfield code="a">Thư viện Trường Đại học Nam Cần Thơ</subfield>
  </datafield>
 </record>
</collection>
